El romanticismo clásico de Antonio Alcalá Galiano / (Record no. 190500)
[ view plain ]
| 000 -LEADER | |
|---|---|
| campo de control de longitud fija | 01013nam a2200205 i 4500 |
| 001 - NÚMERO DE CONTROL | |
| campo de control | 190500 |
| 003 - IDENTIFICADOR DE NÚMERO DE CONTROL | |
| campo de control | ES-MaACL |
| 005 - FECHA Y HORA DE LA ÚLTIMA TRANSACCIÓN | |
| campo de control | 20230906223747.0 |
| 008 - DATOS DE LONGITUD FIJA--INFORMACIÓN GENERAL | |
| campo de control de longitud fija | 210420s2002 it 000 0 spa d |
| 100 1# - ENTRADA PRINCIPAL--NOMBRE DE PERSONA | |
| Nombre de persona | Busquets, Loreto. |
| 9 (RLIN) | 32841 |
| 245 13 - MENCIÓN DEL TÍTULO | |
| Título | El romanticismo clásico de Antonio Alcalá Galiano / |
| Mención de responsabilidad, etc. | Loreto Busquets. |
| 260 ## - PUBLICACIÓN, DISTRIBUCIÓN, ETC. | |
| Lugar de publicación, distribución, etc. | Pisa ; |
| -- | Roma : |
| Nombre del editor, distribuidor, etc. | Istituti Editoriali e Poligrafici Internazionali, |
| Fecha de publicación, distribución, etc. | 2002. |
| 300 ## - DESCRIPCIÓN FÍSICA | |
| Extensión | P. [117]-137 ; |
| Dimensiones | 24 cm. |
| 504 ## - NOTA DE BIBLIOGRAFÍA, ETC. | |
| Nota de bibliografía, etc. | Referencias bibliográficas. |
| 594 ## - Nota al título y mención de responsabilidad | |
| Nota al título y mención de responsabilidad | En p. [117]: "A lo largo de las conferencias sobre la literatura francesa del siglo XVIII que Alcalá Galiano pronunció en el Ateneo madrileño en... 1843, sucesivamente publicadas bajo el título de 'Historia de la literatura española, francesa, inglesa e italiana en el siglo XVIII'..." |
| 595 ## - | |
| -- | Extraído del libro: Studi ispanici, 2002. |
| 600 17 - PUNTO DE ACCESO ADICIONAL DE MATERIA--NOMBRE DE PERSONA | |
| Nombre de persona | Alcalá Galiano, Antonio, 1789-1865- |
| Subdivisión general | Crítica e interpretación |
| Fuente del encabezamiento o término | |
| 9 (RLIN) | 147648 |
| 852 4# - LOCALIZACIÓN | |
| Ubicación | ES-MaACL |
| Número de control de estantería | 2342-F-9 |
| Estatus retirado | Estado de pérdida | Estado de daño | No para préstamo | Colección | Biblioteca de origen | Biblioteca actual | Ubicación en estantería | Fecha de adquisición | Fuente de adquisición | Total de préstamos | Signatura topográfica completa | Código de barras | Visto por última vez | Precio de reemplazo | Tipo de ítem Koha |
|---|---|---|---|---|---|---|---|---|---|---|---|---|---|---|---|
| Colección de folletos | Biblioteca del Ateneo de Madrid | Biblioteca del Ateneo de Madrid | Depósito folletos | 20/04/2021 | 2342-F-9 | 1202532 | 23/02/2023 | 23/02/2023 | Folleto |
